000 00827nam a22002057a 4500
999 _c12297
_d12297
003 AR-CdUCM
008 190408b ||||| |||| 00| 0 spa d
040 _aMUNICIPALIDAD PROVINCIAL DEL CUSCO
_cBIBLIOTECA MUNICIPAL DEL CUSCO
082 _a649.1 /
_bL45 / 1942
100 _aLenrrot, Katharine F.
_930092
245 _aCuidado del niño en su primera infancia /
260 _aEE.UU :
_bImprenta del gobierno de los EE.UU.,
_c1942.
300 _a138 páginas ;
_bIlustraciones,
_c23 cm.
505 _aContenido: El recién nacido -- Desarrollo de la criatura -- Programa diario de la criatura -- Como mantener sana a la criatura -- El hogar...
650 _aMedicina humana
_918640
650 _aPrimera infancia
_924660
650 _aTratamientos para el infante
_930093
942 _2ddc
_cLIBROS
945 _adavv
_d08/04/2019